000 01068nas a2200337 4500
001 BR2019001984
003 BR-BrBNA
005 20231205132015.0
007 ta
008 230509b bl.|||p| |||| 00| 00por d
040 _aBR-BrBNA
_bpor
_cBiblioteca Nacional de Agricultura
041 _a(Pt)
072 _aL02
100 1 _aSganzerla, D.C.
100 1 _aBilharva, M.G.
100 1 _aPriebe, C.
100 1 _aJimènez, R.M.
100 1 _aFigas, M.F.
100 1 _aLemos, G.S.
100 1 _aFerreira, O.G.L.
100 1 _aMonks, P.L.
245 1 _aCaracterísticas produtivas da consorciação de trevo-persa e azevém submetidos a pastejo
650 _aNUTRIÇÃO ANIMAL
650 _aPASTEJO
650 _aAZEVÉM
650 _aMATÉRIA SECA
773 0 _tArquivo Brasileiro de Medicina Veterinária e Zootecnia (Brazil)
_xISSN 1678-4162
_g(Feb 2015), v. 67(1) p. 173-180
_wBR2019001984
856 4 0 _uhttp://www.scielo.br/pdf/abmvz/v67n1/0102-0935-abmvz-67-01-00173.pdf
909 _a202311
_bLúcia
_c55
_dLúcia Elande
942 _2AGRIS
_n0
_cANA
999 _c257937
_d257937